Mathematical physics with applications, problems & solutions.
Salvato in:
| Autore principale: | |
|---|---|
| Natura: | Libro |
| Lingua: | inglese |
| Pubblicazione: |
Ane Books pvt.Ltd
2018
|
| Tags: |
Aggiungi Tag
Nessun Tag, puoi essere il primo ad aggiungerne!!
|
MARC
| LEADER | 00000nam a22000007a 4500 | ||
|---|---|---|---|
| 008 | 210811b ||||| |||| 00| 0 eng d | ||
| 020 | |a 9789386761118 | ||
| 100 | |a BALAKRISHNAN, V. | ||
| 245 | |a Mathematical physics with applications, problems & solutions. |c V.Balakrishnan |g xxvi,852pAne | ||
| 260 | |b Ane Books pvt.Ltd |c 2018 |d Book |h New Delhi |i 696772 |i 696773 |l QC20.M18 |m Mathematical physics- Encyclopedia |m I. Tittle | ||
| 500 | |a It includes bibliography and index | ||
| 942 | |a lcc |c BK |d Olagoke,M.A |e 11/08/2021 | ||
| 952 | |0 0 |1 0 |2 lcc |4 0 |7 0 |9 2980 |a HOL |b HE |c QZ |d 2021-08-11 |o QC20.M18 |p 2021-66658 |r 2021-08-11 00:00:00 |t 696772 |w 2021-08-11 |y BK | ||
| 952 | |0 0 |1 0 |2 lcc |4 0 |7 0 |9 2981 |a HOL |b HOL |c QZ |d 2021-08-11 |o QC20.M18 |p 2021-66659 |r 2021-08-11 00:00:00 |t 696773 |w 2021-08-11 |y BK | ||
| 999 | |c 1509 |d 1509 | ||